| 000 | 01037naa a22003137a 4500 | ||
|---|---|---|---|
| 001 | BR8900577 | ||
| 003 | BR-BrBNA | ||
| 005 | 20240918180414.0 | ||
| 007 | ta | ||
| 008 | 230509b bl.||||| |||| 00| 0 por d | ||
| 040 |
_aBR-BrBNA _bpor _cBiblioteca Nacional de Agricultura |
||
| 041 | _a(Pt) | ||
| 072 |
_aF03 _b3575 _b3290 |
||
| 090 | _aF03 BR8900577 | ||
| 100 | 1 | _aNatale, W. | |
| 100 | 1 | _aCarvalho, N.M. de | |
| 111 | 1 |
_a4. Encontro Nacional de Secagem _cVicosa, MG (Brazil) _d2-4 Mar 1983 |
|
| 245 | 1 | _aA liofilizacao como metodo de secagem de sementes de ipe-roxo (Tabebuia sp.) | |
| 260 | 3 |
_aVicosa, MG (Brasil): _c1983. |
|
| 500 | _a4. Encontro Nacional de Secagem Vicosa, MG (Brasil): 1983. p. 121-126 (BR8900577-AM)F03 | ||
| 650 | _aIPE ROXO | ||
| 650 | _aSEMENTE | ||
| 650 | _aLIOFILIZACAO | ||
| 650 | _aSECAGEM | ||
| 650 | _aTEOR DE UMIDADE | ||
| 773 | 0 |
_t4. Encontro Nacional de Secagem _wF03 BR8900577 _gVicosa, MG (Brasil), 1983. p. 121-126 |
|
| 909 |
_a202404 _bLucia _c55 _dLucia Elande |
||
| 942 |
_cAM _2AGRIS |
||
| 999 |
_c320243 _d320243 |
||